stolice europy z mapą - Statystyki

Ogólne statystyki
  • Ten quiz został rozwiązany 1 159 razy
  • Średni wynik to 26 z 45
Odpowiedzi na mapie
Odpowiedzi zakodowano w zielono-czerwonej skali na mapie do tego quizu, zgodnie z poniższymi procentami.
 
Statystyki odpowiedzi
Stolice % Poprawnych
Warszawa
90%
Madryt
81%
Moskwa
81%
Londyn
80%
Oslo
79%
Berlin
78%
Kijów
78%
Lizbona
75%
Rzym
75%
Paryż
73%
Ateny
71%
Praga
71%
Watykan
71%
Dublin
69%
Helsinki
69%
Sztokholm
68%
Reykjavik
66%
San marino
66%
Andora
65%
Mińsk
65%
Wilno
64%
Amsterdam
61%
Bruksela
60%
Budapeszt
60%
Ryga
60%
Kopenhaga
59%
Bratysława
58%
Bukareszt
57%
Wiedeń
57%
Monako
53%
Tallin
53%
Zagrzeb
52%
Berno
49%
Sofia
48%
Valletta
41%
Sarajewo
40%
Vaduz
40%
Kiszyniów
37%
Tirana
37%
Belgrad
36%
Lublana
34%
Skopje
33%
Podgorica
30%
Prisztina
30%
Luksmeburg
3%
Nie znaleziono quizów pasujących do podanych kryteriów
Rozkład punktacji
Procent ludzi z każdym wynikiem
Percentyl według liczby udzielonych odpowiedzi
Twoja historia wyników
Nie rozwiązałeś tego quizu